[Event "2nd Agzamov Memorial"]
[Site "Tashkent UZB"]
[Date "2008.03.19"]
[Round "1"]
[White "Anarkulov, A."]
[Black "Amonatov, F."]
[Result "0-1"]
[WhiteElo "2212"]
[BlackElo "2649"]
[PlyCount "80"]
[EventDate "2008.03.19"]
[EventType "swiss"]
[EventRounds "9"]
[EventCountry "UZB"]
[Source "Mark Crowther"]
[SourceDate "2008.03.31"]

1. e4 c5 2. Nf3 d6 3. d4 cxd4 4. Nxd4 Nf6 5. Nc3 a6 6. Bc4 e6 7. Bb3 b5 8. O-O
Be7 9. Qf3 Qc7 10. Bg5 Qb7 11. Rfe1 O-O 12. Bxf6 Bxf6 13. Nce2 Nc6 14. c3 a5
15. Rad1 a4 16. Bc2 Ne5 17. Qg3 b4 18. Nf4 g6 19. Nh5 Bh8 20. f4 Nc6 21. e5
dxe5 22. fxe5 bxc3 23. bxc3 Qc7 24. Nxc6 Qxc6 25. Nf6+ Bxf6 26. exf6 Bb7 27.
Be4 Qc5+ 28. Kh1 Bxe4 29. Rxe4 Rfd8 30. Red4 Rxd4 31. Rxd4 h6 32. h3 Qf5 33.
Qh4 a3 34. Rd7 Rb8 35. Qd4 e5 36. Qd2 Qxf6 37. Qxh6 e4 38. Qe3 Rb1+ 39. Kh2
Qe5+ 40. Qg3 Rh1+ 0-1

[Event "2nd Agzamov Memorial"]
[Site "Tashkent UZB"]
[Date "2008.03.19"]
[Round "1"]
[White "Vovk, Y."]
[Black "Niyazmetov, R."]
[Result "1-0"]
[WhiteElo "2561"]
[BlackElo "2201"]
[PlyCount "83"]
[EventDate "2008.03.19"]
[EventType "swiss"]
[EventRounds "9"]
[EventCountry "UZB"]
[Source "Mark Crowther"]
[SourceDate "2008.03.31"]

1. e4 e5 2. Nf3 Nc6 3. Bb5 a6 4. Ba4 Nf6 5. O-O Be7 6. Re1 b5 7. Bb3 O-O 8. d4
exd4 9. e5 Ne8 10. c3 d5 11. cxd4 g6 12. a4 b4 13. a5 Ng7 14. Bh6 Bg4 15. Qc1
Na7 16. Nbd2 Rc8 17. h3 Be6 18. Bc2 c5 19. dxc5 Rxc5 20. Nb3 Rc7 21. Qd2 Qb8
22. Bd3 Nb5 23. Bg5 Qd8 24. Bxe7 Qxe7 25. Bxb5 axb5 26. Nbd4 Bd7 27. Nc2 Be6
28. Nxb4 d4 29. Nxd4 Rd7 30. Nbc6 Qh4 31. Qe3 Bd5 32. a6 Ra8 33. Red1 Ne8 34.
Nb4 Rad8 35. e6 Bxe6 36. Nbc6 Ra8 37. Nxe6 Rxd1+ 38. Rxd1 fxe6 39. Qxe6+ Kh8
40. a7 Qa4 41. Qe5+ Ng7 42. Qb8+ 1-0

[Event "2nd Agzamov Memorial"]
[Site "Tashkent UZB"]
[Date "2008.03.19"]
[Round "1"]
[White "Holmirzaev, B."]
[Black "Timoshenko, G."]
[Result "0-1"]
[WhiteElo "2199"]
[BlackElo "2560"]
[PlyCount "80"]
[EventDate "2008.03.19"]
[EventType "swiss"]
[EventRounds "9"]
[EventCountry "UZB"]
[Source "Mark Crowther"]
[SourceDate "2008.03.31"]

1. d4 Nf6 2. Nc3 d5 3. Bg5 Nbd7 4. Nf3 g6 5. e3 Bg7 6. Be2 O-O 7. O-O c6 8. h3
Re8 9. Bf4 b6 10. a4 a5 11. Ne5 Bb7 12. Bf3 Nf8 13. g4 N6d7 14. Bg2 Nxe5 15.
Bxe5 f6 16. Bg3 e5 17. f4 exd4 18. exd4 f5 19. Rf3 Ne6 20. Bf2 Qd6 21. Qd2 Re7
22. Rd1 Rf8 23. g5 Ba6 24. h4 Rfe8 25. h5 gxh5 26. Bh3 Rf7 27. b3 Nf8 28. Be3
Ng6 29. Qf2 Qf8 30. Rd2 Rfe7 31. Bg2 Re6 32. Nd1 Qa3 33. Bh3 Ne7 34. Bf1 Bxf1
35. Qxf1 Ng6 36. Rh2 Bxd4 37. Qd3 Bxe3+ 38. Nxe3 Qc5 39. Rhh3 Rxe3 40. Rxe3
Nxf4 0-1

[Event "2nd Agzamov Memorial"]
[Site "Tashkent UZB"]
[Date "2008.03.19"]
[Round "1"]
[White "Glek, I."]
[Black "Khamrakulova, I."]
[Result "1-0"]
[WhiteElo "2546"]
[BlackElo "2193"]
[PlyCount "37"]
[EventDate "2008.03.19"]
[EventType "swiss"]
[EventRounds "9"]
[EventCountry "UZB"]
[Source "Mark Crowther"]
[SourceDate "2008.03.31"]

1. e4 c6 2. d4 d5 3. e5 c5 4. dxc5 Nc6 5. f4 e6 6. Be3 d4 7. Bf2 Bxc5 8. Nd2
Nge7 9. a3 Bb6 10. Ne4 O-O 11. Bd3 Ng6 12. Qh5 h6 13. Nh3 Nce7 14. O-O Bd7 15.
Nf6+ gxf6 16. Qxh6 Nf5 17. Bxf5 exf5 18. Bh4 Nxh4 19. exf6 1-0

[Event "2nd Agzamov Memorial"]
[Site "Tashkent UZB"]
[Date "2008.03.19"]
[Round "1"]
[White "Shaymuratov, I."]
[Black "Dzhumaev, M."]
[Result "0-1"]
[WhiteElo "2188"]
[BlackElo "2527"]
[PlyCount "92"]
[EventDate "2008.03.19"]
[EventType "swiss"]
[EventRounds "9"]
[EventCountry "UZB"]
[Source "Mark Crowther"]
[SourceDate "2008.03.31"]

1. e4 g6 2. Nf3 Bg7 3. Nc3 d6 4. Bc4 Nf6 5. d3 O-O 6. O-O c5 7. Bf4 Nc6 8. a4
e6 9. Qd2 d5 10. Ba2 dxe4 11. dxe4 Qxd2 12. Bxd2 b6 13. Bc4 Bb7 14. Rfe1 Rad8
15. Nb5 Nb4 16. Bxb4 cxb4 17. Bd3 a6 18. Nc7 a5 19. Nd2 Nd7 20. Nc4 Nc5 21. Re3
Bc6 22. Nb5 Nxa4 23. Rxa4 Bxb5 24. Ra2 Bxc4 25. Bxc4 Rd1+ 26. Bf1 Rfd8 27. g3
R8d2 28. b3 Bd4 29. Rf3 g5 30. g4 Re1 31. Kg2 h5 32. h3 Rdd1 33. Rd3 Rxf1 34.
Rxd4 Rg1+ 35. Kh2 Rh1+ 36. Kg2 Rxd4 37. Kxh1 hxg4 38. hxg4 Rxe4 39. Ra1 Re2 40.
Rd1 Rxf2 41. Rd6 Rxc2 42. Rxb6 Kg7 43. Rb5 Kf6 44. Rxa5 Rb2 45. Rb5 Rxb3 46.
Kg2 Rb1 0-1

[Event "2nd Agzamov Memorial"]
[Site "Tashkent UZB"]
[Date "2008.03.19"]
[Round "1"]
[White "Iuldachev, S."]
[Black "Li, Geo"]
[Result "1-0"]
[WhiteElo "2526"]
[BlackElo "2186"]
[PlyCount "73"]
[EventDate "2008.03.19"]
[EventType "swiss"]
[EventRounds "9"]
[EventCountry "UZB"]
[Source "Mark Crowther"]
[SourceDate "2008.03.31"]

1. e4 e5 2. Nf3 Nc6 3. Bb5 a6 4. Ba4 Nf6 5. O-O Be7 6. d3 b5 7. Bb3 O-O 8. Re1
d6 9. c3 Na5 10. Bc2 c5 11. Nbd2 Bg4 12. h3 Bd7 13. Nf1 Qc7 14. Bg5 Rfb8 15.
Ne3 h6 16. Bh4 Qd8 17. d4 cxd4 18. cxd4 Nc6 19. dxe5 Nxe5 20. Nd4 g6 21. f4 Nc4
22. Nxc4 bxc4 23. e5 Nh5 24. Bxe7 Qxe7 25. e6 fxe6 26. f5 e5 27. fxg6 Nf4 28.
Ne2 Nxh3+ 29. gxh3 Bxh3 30. Ng3 Be6 31. b3 Rf8 32. Qe2 Qg5 33. Qg2 Rad8 34.
bxc4 Bxc4 35. Ne4 Qf4 36. Nf2 d5 37. Rad1 1-0

[Event "2nd Agzamov Memorial"]
[Site "Tashkent UZB"]
[Date "2008.03.19"]
[Round "1"]
[White "Tseshkovsky, V."]
[Black "Davlyatshin, B."]
[Result "1-0"]
[WhiteElo "2504"]
[BlackElo "2167"]
[PlyCount "81"]
[EventDate "2008.03.19"]
[EventType "swiss"]
[EventRounds "9"]
[EventCountry "UZB"]
[Source "Mark Crowther"]
[SourceDate "2008.03.31"]

1. e4 c6 2. d4 d5 3. Nd2 dxe4 4. Nxe4 Nd7 5. Ng5 Ngf6 6. Bd3 e6 7. N1f3 Bd6 8.
Qe2 h6 9. Ne4 Nxe4 10. Qxe4 Qc7 11. a4 a5 12. O-O Nf6 13. Qh4 Bd7 14. Re1 c5
15. dxc5 Qxc5 16. Be3 Qh5 17. Qxh5 Nxh5 18. Be4 Bc6 19. Bxc6+ bxc6 20. Red1
O-O-O 21. Nd4 Kb7 22. Nb3 Ka6 23. Rd4 Be7 24. Rc4 Rc8 25. Nc5+ Bxc5 26. Rxc5
Nf6 27. Bd2 Kb6 28. Rxa5 Rhd8 29. Be1 Rd5 30. Rxd5 cxd5 31. c3 d4 32. cxd4 Rc2
33. b4 Nd5 34. b5 Rc4 35. f3 Nf4 36. Kf1 Rc2 37. Rb1 f5 38. a5+ Kb7 39. a6+ Kb6
40. Ba5+ Kxa5 41. a7 1-0

[Event "2nd Agzamov Memorial"]
[Site "Tashkent UZB"]
[Date "2008.03.19"]
[Round "1"]
[White "Muminova, N."]
[Black "Filippov, An UZB"]
[Result "0-1"]
[WhiteElo "2164"]
[BlackElo "2502"]
[PlyCount "70"]
[EventDate "2008.03.19"]
[EventType "swiss"]
[EventRounds "9"]
[EventCountry "UZB"]
[Source "Mark Crowther"]
[SourceDate "2008.03.31"]

1. e4 e5 2. Nf3 Nc6 3. d4 exd4 4. c3 d5 5. exd5 Qxd5 6. cxd4 Bg4 7. Be2 Bb4+ 8.
Nc3 Bxf3 9. Bxf3 Qc4 10. Qb3 Qxb3 11. axb3 Nge7 12. O-O O-O-O 13. Be3 a6 14.
Ra4 Bd6 15. Na2 h6 16. g3 f5 17. d5 Ne5 18. Bg2 g5 19. Nc3 Rhf8 20. Ne2 Nd7 21.
Rc1 Kb8 22. f4 Rde8 23. Nc3 Ng6 24. Bf2 gxf4 25. b4 fxg3 26. hxg3 Nb6 27. Ra2
Bxb4 28. Na4 Nxa4 29. Rxa4 Bd6 30. b4 f4 31. b5 fxg3 32. Bd4 Nf4 33. Bf1 g2 34.
Bc4 Rg8 35. Kf2 Nh3+ 0-1

[Event "2nd Agzamov Memorial"]
[Site "Tashkent UZB"]
[Date "2008.03.19"]
[Round "1"]
[White "Zubarev, Al1"]
[Black "Yarovoy, I."]
[Result "1-0"]
[WhiteElo "2491"]
[BlackElo "2157"]
[PlyCount "69"]
[EventDate "2008.03.19"]
[EventType "swiss"]
[EventRounds "9"]
[EventCountry "UZB"]
[Source "Mark Crowther"]
[SourceDate "2008.03.31"]

1. d4 d6 2. Nf3 Nf6 3. c4 Nbd7 4. Nc3 e5 5. Bg5 Be7 6. e3 O-O 7. Qc2 exd4 8.
exd4 Re8 9. O-O-O Nf8 10. h3 Ne6 11. Be3 g6 12. g4 Nd7 13. h4 Nf6 14. h5 Nxg4
15. hxg6 hxg6 16. Bd3 Nxe3 17. fxe3 Kg7 18. Rdg1 Rh8 19. Rxh8 Qxh8 20. Bxg6 Qh6
21. Be4+ Kf8 22. Nd5 c6 23. Qg2 Ng5 24. Nxg5 Bxg5 25. Qxg5 Qxg5 26. Rxg5 cxd5
27. Rxd5 Ke7 28. Rh5 Be6 29. Bxb7 Rg8 30. Bd5 Bxd5 31. Rxd5 Rg2 32. Ra5 Re2 33.
Rxa7+ Ke6 34. Ra3 Kf5 35. Rc3 1-0

[Event "2nd Agzamov Memorial"]
[Site "Tashkent UZB"]
[Date "2008.03.19"]
[Round "1"]
[White "Daniyarov, A."]
[Black "Kim, Alex"]
[Result "0-1"]
[WhiteElo "2149"]
[BlackElo "2442"]
[PlyCount "74"]
[EventDate "2008.03.19"]
[EventType "swiss"]
[EventRounds "9"]
[EventCountry "UZB"]
[Source "Mark Crowther"]
[SourceDate "2008.03.31"]

1. e4 c5 2. Nc3 e6 3. g3 Nc6 4. Bg2 Nf6 5. d3 Be7 6. f4 d5 7. Bd2 a6 8. h3 b5
9. g4 b4 10. Nce2 dxe4 11. dxe4 Bb7 12. Ng3 Qc7 13. N1e2 Rd8 14. O-O c4 15. Qe1
Bc5+ 16. Kh1 h5 17. g5 Ng4 18. f5 h4 19. fxe6 fxe6 20. Nf4 hxg3 21. Nxe6 Qe5
22. Nxc5 Qxc5 23. Qxg3 Rxd2 24. Qxg4 Ne5 25. Qg3 Bc8 26. Rae1 Rxg2 27. Kxg2
Bxh3+ 28. Qxh3 Rxh3 29. Kxh3 Qc8+ 30. Kh2 Qd8 31. Re2 Qxg5 32. Rg2 Ng4+ 33. Kg1
Qe3+ 34. Kh1 Qh3+ 35. Kg1 Ne3 36. Rff2 Nxg2 37. Rxg2 Qe3+ 0-1

[Event "2nd Agzamov Memorial"]
[Site "Tashkent UZB"]
[Date "2008.03.19"]
[Round "1"]
[White "Egin, V."]
[Black "Khoroshev, N."]
[Result "1-0"]
[WhiteElo "2437"]
[BlackElo "2138"]
[PlyCount "81"]
[EventDate "2008.03.19"]
[EventType "swiss"]
[EventRounds "9"]
[EventCountry "UZB"]
[Source "Mark Crowther"]
[SourceDate "2008.03.31"]

1. e4 e5 2. Nf3 Nc6 3. Nc3 Nf6 4. d4 exd4 5. Nxd4 Bb4 6. Nxc6 bxc6 7. Bd3 d5 8.
exd5 cxd5 9. O-O O-O 10. Bg5 c6 11. Na4 Be7 12. Re1 h6 13. Bh4 Be6 14. c3 Nd7
15. Bxe7 Qxe7 16. f4 Nc5 17. f5 Nxa4 18. Qxa4 Qc5+ 19. Kh1 Bd7 20. f6 Rfe8 21.
Qh4 Qd6 22. fxg7 Kxg7 23. Rf1 Re3 24. Rxf7+ Kxf7 25. Qf2+ Kg7 26. Qxe3 c5 27.
Rf1 Rf8 28. Rxf8 Kxf8 29. Kg1 d4 30. cxd4 cxd4 31. Qf3+ Ke7 32. Qe4+ Kd8 33.
Qa8+ Ke7 34. Qxa7 Qe5 35. Qa3+ Kf7 36. Bc4+ Be6 37. Qg3 Qc5 38. Qf4+ Ke7 39.
Bxe6 d3+ 40. Kf1 Qc2 41. Qe3 1-0

[Event "2nd Agzamov Memorial"]
[Site "Tashkent UZB"]
[Date "2008.03.19"]
[Round "1"]
[White "Nodirjanova, N."]
[Black "Kayumov, S."]
[Result "0-1"]
[WhiteElo "2131"]
[BlackElo "2426"]
[PlyCount "94"]
[EventDate "2008.03.19"]
[EventType "swiss"]
[EventRounds "9"]
[EventCountry "UZB"]
[Source "Mark Crowther"]
[SourceDate "2008.03.31"]

1. d4 d5 2. Nf3 Nf6 3. e3 c6 4. Bd3 Bg4 5. Nbd2 Nbd7 6. c4 e6 7. h3 Bh5 8. Qb3
Qc7 9. O-O Bd6 10. a3 O-O 11. Qc2 a5 12. b3 Qb8 13. Bb2 Re8 14. Rfe1 dxc4 15.
bxc4 Bxf3 16. Nxf3 e5 17. Nd2 Re7 18. d5 Nc5 19. e4 Nxd3 20. Qxd3 Nd7 21. Qg3
Nc5 22. Rab1 Qf8 23. Re3 Rd8 24. Bc3 a4 25. Ba5 Rdd7 26. Qg4 g6 27. Bb4 Kh8 28.
Rf3 f6 29. h4 Rf7 30. h5 f5 31. Qh4 Qh6 32. exf5 gxf5 33. dxc6 bxc6 34. Nf1 f4
35. Nh2 Qe6 36. Ng4 Rg7 37. Nf6 Be7 38. h6 Rg8 39. Qh3 Qxf6 40. Bxc5 Bxc5 41.
Qxd7 Qg6 42. Qg7+ Rxg7 43. hxg7+ Kxg7 44. Rb7+ Kf6 45. Rh3 h5 46. Rc7 Qb1+ 47.
Kh2 Bxf2 0-1

[Event "2nd Agzamov Memorial"]
[Site "Tashkent UZB"]
[Date "2008.03.20"]
[Round "2"]
[White "Amonatov, F."]
[Black "Kasyan, A."]
[Result "1-0"]
[WhiteElo "2649"]
[BlackElo "2334"]
[PlyCount "59"]
[EventDate "2008.03.19"]
[EventType "swiss"]
[EventRounds "9"]
[EventCountry "UZB"]
[Source "Mark Crowther"]
[SourceDate "2008.03.31"]

1. e4 e6 2. d4 d5 3. Nc3 Nf6 4. Bg5 dxe4 5. Nxe4 Nbd7 6. Nf3 h6 7. Nxf6+ Nxf6
8. Be3 Nd5 9. Bd3 Bd7 10. O-O Be7 11. c4 Nxe3 12. fxe3 O-O 13. Ne5 Be8 14. c5
Bf6 15. Ng4 Bg5 16. Qe2 b6 17. Rac1 f5 18. Ne5 Bf6 19. Bc4 Qe7 20. Qf3 Rb8 21.
Qxf5 bxc5 22. Qxe6+ Qxe6 23. Bxe6+ Kh7 24. Rxc5 Rxb2 25. Rxc7 Bb5 26. Bf5+ Kg8
27. Be6+ Kh7 28. Nd7 Bxd7 29. Rxd7 Rd8 30. Rxa7 1-0

[Event "2nd Agzamov Memorial"]
[Site "Tashkent UZB"]
[Date "2008.03.20"]
[Round "2"]
[White "Kurnosov, I."]
[Black "Daurimbetov, A."]
[Result "1-0"]
[WhiteElo "2577"]
[BlackElo "2326"]
[PlyCount "65"]
[EventDate "2008.03.19"]
[EventType "swiss"]
[EventRounds "9"]
[EventCountry "UZB"]
[Source "Mark Crowther"]
[SourceDate "2008.03.31"]

1. e4 c5 2. Nf3 e6 3. d4 cxd4 4. Nxd4 Nf6 5. Nc3 Bb4 6. e5 Nd5 7. Bd2 Nxc3 8.
bxc3 Ba5 9. Bd3 Nc6 10. Qg4 Kf8 11. Nxc6 dxc6 12. O-O h5 13. Qf4 Qe7 14. Rfe1
Bd7 15. Re3 Be8 16. Rg3 Bc7 17. Re1 Kg8 18. Qe4 Qa3 19. Bg5 Kf8 20. Qh4 g6 21.
Rf3 Qxc3 22. Be7+ Kg8 23. Bb4 Qb2 24. Bxg6 Rh6 25. Bxh5 Bxe5 26. Qg5+ Kh7 27.
Bf8 Bg7 28. Rg3 Rg6 29. Bxg6+ fxg6 30. Rb3 Qxa2 31. Qe7 Bf7 32. Qxf7 Rxf8 33.
Rh3# 1-0

[Event "2nd Agzamov Memorial"]
[Site "Tashkent UZB"]
[Date "2008.03.20"]
[Round "2"]
[White "Timoshenko, G."]
[Black "Mustafaev, K."]
[Result "1-0"]
[WhiteElo "2560"]
[BlackElo "2299"]
[PlyCount "199"]
[EventDate "2008.03.19"]
[EventType "swiss"]
[EventRounds "9"]
[EventCountry "UZB"]
[Source "Mark Crowther"]
[SourceDate "2008.03.31"]

1. d4 Nf6 2. c4 e6 3. Nf3 d5 4. Nc3 Be7 5. Bg5 O-O 6. e3 Nbd7 7. Rc1 c6 8. Bd3
Re8 9. O-O Nf8 10. Ne5 N6d7 11. Bxe7 Qxe7 12. f4 f6 13. Nf3 b6 14. e4 dxe4 15.
Bxe4 Bb7 16. Kh1 Qd6 17. Qd2 Rad8 18. Rcd1 Qb8 19. Qc1 Qc7 20. a3 Ng6 21. Bxg6
hxg6 22. Nh4 Nf8 23. Qc2 Qf7 24. c5 e5 25. fxe5 Ba6 26. Rf3 bxc5 27. exf6 Rxd4
28. fxg7 Qxg7 29. g3 Bc4 30. Rf2 Qe5 31. Nf3 Rxd1+ 32. Qxd1 Qe3 33. Kg2 Re7 34.
Qd6 Re6 35. Qd8 Re8 36. Qd6 Re6 37. Qd8 Re8 38. Qf6 Re6 39. Qh4 Qd3 40. Ng5 Re8
41. Qh6 Bd5+ 42. Kh3 Be6+ 43. Nxe6 Nxe6 44. Rf6 Nf8 45. Kg2 Qd4 46. Rf2 Qg7 47.
Qf4 Nd7 48. Qc4+ Kh8 49. Rf7 Qd4 50. Qxd4+ cxd4 51. Rxd7 dxc3 52. bxc3 Re2+ 53.
Kh3 a5 54. Ra7 Re5 55. Kg4 Rc5 56. a4 Kg8 57. Kf4 Kf8 58. Ke4 Rxc3 59. Ke5 Rf3
60. Kd6 Rc3 61. Rxa5 Rc4 62. Ra7 Rc2 63. a5 Rxh2 64. Kxc6 Rc2+ 65. Kd6 Rd2+ 66.
Ke6 Rc2 67. a6 Rc6+ 68. Kd5 Rf6 69. g4 g5 70. Ke5 Rb6 71. Kf5 Kg8 72. Kxg5 Rc6
73. Kf5 Rc5+ 74. Ke6 Rc6+ 75. Kd7 Rf6 76. Kc7 Rg6 77. Kb7 Rg7+ 78. Kb8 Rg6 79.
Ra8 Kh7 80. g5 Rg8+ 81. Kb7 Rg7+ 82. Kb6 Rg6+ 83. Kc7 Rg7+ 84. Kd6 Rg6+ 85. Ke7
Rc6 86. Kf7 Rc7+ 87. Kf6 Rc6+ 88. Kf5 Rc5+ 89. Kg4 Rc6 90. Kh5 Rh6+ 91. Kg4 Rc6
92. Ra7+ Kg6 93. Kf4 Re6 94. Ra8 Kg7 95. Kf5 Rc6 96. Ra7+ Kg8 97. Kg4 Rb6 98.
Kh5 Rc6 99. g6 Rb6 100. Kh6 1-0

[Event "2nd Agzamov Memorial"]
[Site "Tashkent UZB"]
[Date "2008.03.20"]
[Round "2"]
[White "Rakhmatullin, K."]
[Black "Glek, I."]
[Result "1/2-1/2"]
[WhiteElo "2320"]
[BlackElo "2546"]
[PlyCount "92"]
[EventDate "2008.03.19"]
[EventType "swiss"]
[EventRounds "9"]
[EventCountry "UZB"]
[Source "Mark Crowther"]
[SourceDate "2008.03.31"]

1. d4 e6 2. c4 f5 3. Nf3 Nf6 4. g3 d5 5. Bg2 Bd6 6. O-O O-O 7. b3 b6 8. Nc3 c6
9. Na4 Qe7 10. Nb2 Bb7 11. cxd5 exd5 12. Nd3 Ne4 13. Nfe5 c5 14. Bb2 a5 15. f3
Nf6 16. Bh3 g6 17. Qd2 Nc6 18. e3 a4 19. Bc3 Nd7 20. Nxc6 Bxc6 21. dxc5 bxc5
22. b4 c4 23. Nf4 Be5 24. a3 Bxc3 25. Qxc3 Rae8 26. e4 Qe5 27. Qxe5 Rxe5 28.
exd5 Bxd5 29. Rfd1 Nb6 30. Nxd5 Rxd5 31. Bf1 Rfd8 32. Rxd5 Rxd5 33. Rc1 Rd4 34.
f4 Kf7 35. Kf2 Rd2+ 36. Ke3 Rxh2 37. Kd4 Ke7 38. Kc5 Nd7+ 39. Kxc4 h5 40. Re1+
Kd6 41. Kb5 Nf6 42. Bc4 Ne4 43. Kxa4 Rh3 44. Ka5 Rxg3 45. a4 g5 46. Kb6 gxf4
1/2-1/2

[Event "2nd Agzamov Memorial"]
[Site "Tashkent UZB"]
[Date "2008.03.20"]
[Round "2"]
[White "Dzhumaev, M."]
[Black "Mustafaev, J."]
[Result "1/2-1/2"]
[WhiteElo "2527"]
[BlackElo "2286"]
[PlyCount "131"]
[EventDate "2008.03.19"]
[EventType "swiss"]
[EventRounds "9"]
[EventCountry "UZB"]
[Source "Mark Crowther"]
[SourceDate "2008.03.31"]

1. e4 c5 2. Nf3 d6 3. Bc4 Nf6 4. d3 Nc6 5. c3 e6 6. Bb3 Be7 7. O-O O-O 8. Re1
Rb8 9. Nbd2 b5 10. d4 d5 11. e5 Nd7 12. a3 b4 13. cxb4 cxb4 14. Bc2 bxa3 15.
bxa3 Ba6 16. Nf1 Qc7 17. Bg5 Bxg5 18. Bxh7+ Kxh7 19. Nxg5+ Kg8 20. Rc1 Rbc8 21.
Re3 g6 22. Qg4 Kg7 23. Qh4 Rh8 24. Qf4 Rcf8 25. Qxf7+ Rxf7 26. Nxe6+ Kg8 27.
Nxc7 Ndxe5 28. Nxa6 Nc4 29. Rg3 Nxd4 30. Re1 Kg7 31. Nb4 Rh5 32. Rd3 Nb5 33. a4
Nc7 34. Ng3 Rh4 35. Rb1 Ne5 36. Rdd1 Rd7 37. a5 Rc4 38. Ne2 d4 39. Nf4 Nb5 40.
Nbd3 Nxd3 41. Rxd3 a6 42. Re1 Rc3 43. Kf1 g5 44. Ne6+ Kf6 45. Rxc3 dxc3 46. Nc5
Rc7 47. Nd3 Rc4 48. Ra1 Nd4 49. Rb1 Ra4 50. f3 Rxa5 51. Rb6+ Ke7 52. Rb4 Nf5
53. Re4+ Kf6 54. g4 Ra1+ 55. Kf2 Ra2+ 56. Re2 Rxe2+ 57. Kxe2 Nd4+ 58. Ke3 Nb3
59. Nb4 Ke5 60. Kd3 Nd4 61. Kxc3 Nxf3 62. Nd3+ Ke4 63. h3 a5 64. Nc5+ Kf4 65.
Kb3 Kg3 66. Ne4+ 1/2-1/2

[Event "2nd Agzamov Memorial"]
[Site "Tashkent UZB"]
[Date "2008.03.20"]
[Round "2"]
[White "Khailaev, M."]
[Black "Iuldachev, S."]
[Result "0-1"]
[WhiteElo "2288"]
[BlackElo "2526"]
[PlyCount "76"]
[EventDate "2008.03.19"]
[EventType "swiss"]
[EventRounds "9"]
[EventCountry "UZB"]
[Source "Mark Crowther"]
[SourceDate "2008.03.31"]

1. d4 Nf6 2. Nf3 d6 3. c4 Nbd7 4. Nc3 e5 5. g3 c6 6. dxe5 dxe5 7. Bg2 Be7 8.
O-O O-O 9. Qc2 Qc7 10. Rd1 Re8 11. a3 a5 12. Rb1 Nf8 13. b4 axb4 14. axb4 Bg4
15. c5 Ne6 16. Ne4 Nd5 17. Nc3 Nxc3 18. Qxc3 e4 19. Nd4 Nxd4 20. Qxd4 Bxe2 21.
Bf4 Qc8 22. Re1 Bd3 23. Ra1 Bf6 24. Rxa8 Qxa8 25. Qe3 Bc3 26. Rd1 Bxb4 27. Qd4
Qa5 28. Qd7 Rd8 29. Qxb7 Qa4 30. Rc1 Bxc5 31. h4 Bd4 32. Qe7 Ra8 33. Re1 Qa5
34. Rd1 Qa2 35. Rd2 Qe6 36. Qb7 Re8 37. Kh2 c5 38. Bh3 Qe7 0-1

[Event "2nd Agzamov Memorial"]
[Site "Tashkent UZB"]
[Date "2008.03.20"]
[Round "2"]
[White "Zinchenko, Ya"]
[Black "Sabirova, O."]
[Result "1-0"]
[WhiteElo "2516"]
[BlackElo "2256"]
[PlyCount "89"]
[EventDate "2008.03.19"]
[EventType "swiss"]
[EventRounds "9"]
[EventCountry "UZB"]
[Source "Mark Crowther"]
[SourceDate "2008.03.31"]

1. e4 e5 2. Nf3 Nc6 3. Bb5 g6 4. d4 exd4 5. Bg5 Be7 6. Bxe7 Qxe7 7. Bxc6 dxc6
8. Qxd4 Nf6 9. Nc3 Bg4 10. Nd2 c5 11. Qe3 O-O-O 12. h3 Bd7 13. O-O-O Bc6 14.
Rhe1 Rhe8 15. g4 b6 16. Qh6 Qe6 17. f4 b5 18. f5 Qe5 19. Qe3 gxf5 20. gxf5 b4
21. Nc4 Rxd1+ 22. Rxd1 Qe7 23. Na5 Ba8 24. Nb5 Qxe4 25. Qxc5 Qe3+ 26. Qxe3 Rxe3
27. Nxa7+ Kb8 28. N7c6+ Bxc6 29. Rd8+ Ka7 30. Nxc6+ Kb7 31. Nxb4 Rxh3 32. Rf8
Ne4 33. b3 Nd6 34. a4 Rh5 35. f6 Rf5 36. Rh8 h5 37. Rh7 c5 38. Na2 Kc6 39. Nc3
Kd7 40. Kb2 Ke6 41. a5 Kxf6 42. a6 Re5 43. Rh8 Re8 44. Rxe8 Nxe8 45. Nd5+ 1-0

[Event "2nd Agzamov Memorial"]
[Site "Tashkent UZB"]
[Date "2008.03.20"]
[Round "2"]
[White "Djuraev, S."]
[Black "Tseshkovsky, V."]
[Result "1-0"]
[WhiteElo "2283"]
[BlackElo "2504"]
[PlyCount "86"]
[EventDate "2008.03.19"]
[EventType "swiss"]
[EventRounds "9"]
[EventCountry "UZB"]
[Source "Mark Crowther"]
[SourceDate "2008.03.31"]

1. e4 c5 2. Nf3 g6 3. d4 Bg7 4. dxc5 Qa5+ 5. c3 Qxc5 6. Be3 Qc7 7. Bd3 Nc6 8.
Na3 Nf6 9. Qd2 O-O 10. O-O d6 11. Nb5 Qb8 12. h3 b6 13. Rfe1 Bb7 14. a4 Rc8 15.
Bf4 Nd7 16. Bh6 Nce5 17. Nxe5 Bxh6 18. Qxh6 dxe5 19. Qh4 Nf6 20. f3 Bc6 21. Bc2
a6 22. Na3 b5 23. Qf2 bxa4 24. Nc4 Nd7 25. Bxa4 Bxa4 26. Rxa4 Nc5 27. Rb4 Qc7
28. Nb6 Nd3 29. Nxa8 Rxa8 30. Qe3 Nxe1 31. Qxe1 Rd8 32. Qe2 Rd6 33. Kh2 Kg7 34.
Ra4 Qb6 35. b4 Qc6 36. Ra3 h5 37. h4 Qc8 38. c4 Rd4 39. Rc3 Qc6 40. Rc2 Qf6 41.
Qf2 Qc6 42. Qe2 Qf6 43. Qf2 Qc6 1-0

[Event "2nd Agzamov Memorial"]
[Site "Tashkent UZB"]
[Date "2008.03.20"]
[Round "2"]
[White "Filippov, An UZB"]
[Black "Eminov, A."]
[Result "1-0"]
[WhiteElo "2502"]
[BlackElo "2240"]
[PlyCount "99"]
[EventDate "2008.03.19"]
[EventType "swiss"]
[EventRounds "9"]
[EventCountry "UZB"]
[Source "Mark Crowther"]
[SourceDate "2008.03.31"]

1. e4 e5 2. Bc4 Nf6 3. d3 Nc6 4. Nf3 h6 5. Bb3 d6 6. c3 g6 7. Nbd2 Bg7 8. Nf1
d5 9. Qe2 O-O 10. Ng3 Be6 11. h3 Re8 12. Nh2 Kh7 13. Ng4 Ng8 14. Ne3 Nf6 15.
Ng4 Ng8 16. Ne3 Nf6 17. h4 d4 18. Nc2 Qd7 19. Bxe6 Rxe6 20. c4 Ne7 21. h5 g5
22. Bd2 c5 23. b4 b5 24. Na3 cxb4 25. Bxb4 Nc6 26. Bd2 Bf8 27. cxb5 Bxa3 28.
bxc6 Rxc6 29. Qd1 Rac8 30. O-O Rc2 31. Rb1 Rxa2 32. Bb4 Bxb4 33. Rxb4 Rac2 34.
Qb1 R8c7 35. Rb8 Qg4 36. Qb4 R2c5 37. Rd8 Nxh5 38. Qb8 Nxg3 39. Rh8+ Kg6 40.
Qg8+ Kh5 41. fxg3 Qe6 42. Qg7 R5c6 43. Kh2 f5 44. exf5 Rxg7 45. fxe6 Rxe6 46.
Ra1 Rc7 47. Rg8 Rc3 48. Re1 Rxd3 49. Re4 Ra6 50. Rh4+ 1-0

[Event "2nd Agzamov Memorial"]
[Site "Tashkent UZB"]
[Date "2008.03.20"]
[Round "2"]
[White "Kim, Alex"]
[Black "Ohunov, B."]
[Result "1-0"]
[WhiteElo "2442"]
[BlackElo "2224"]
[PlyCount "83"]
[EventDate "2008.03.19"]
[EventType "swiss"]
[EventRounds "9"]
[EventCountry "UZB"]
[Source "Mark Crowther"]
[SourceDate "2008.03.31"]

1. e4 e5 2. Nf3 Nf6 3. Nc3 Nc6 4. d4 exd4 5. Nxd4 Bb4 6. Nxc6 bxc6 7. Bd3 d5 8.
exd5 Qe7+ 9. Qe2 cxd5 10. Qxe7+ Kxe7 11. Bd2 c6 12. O-O Re8 13. h3 Bd7 14. a3
Bd6 15. Be3 Kf8 16. Rfe1 Kg8 17. Na4 Nh5 18. b4 Nf4 19. Ba6 Ne6 20. Rad1 Bc8
21. Bf1 Bb7 22. c4 Red8 23. g3 Bf8 24. cxd5 cxd5 25. Bg2 Rd7 26. Nc3 Rad8 27.
Bxa7 d4 28. Bb6 dxc3 29. Bxd8 Rxd1 30. Rxd1 Nxd8 31. Bxb7 Nxb7 32. Rc1 Bd6 33.
Rxc3 Kf8 34. a4 Be5 35. Rc2 Nd6 36. a5 Ke7 37. a6 Bd4 38. a7 Bxa7 39. Rc7+ Ke6
40. Rxa7 Kd5 41. Kg2 Kc4 42. Rd7 1-0

[Event "2nd Agzamov Memorial"]
[Site "Tashkent UZB"]
[Date "2008.03.20"]
[Round "2"]
[White "Nazarov, E."]
[Black "Egin, V."]
[Result "0-1"]
[WhiteElo "2216"]
[BlackElo "2437"]
[PlyCount "64"]
[EventDate "2008.03.19"]
[EventType "swiss"]
[EventRounds "9"]
[EventCountry "UZB"]
[Source "Mark Crowther"]
[SourceDate "2008.03.31"]

1. e4 e5 2. Nf3 Nc6 3. Bb5 g6 4. O-O Bg7 5. c3 Nge7 6. d4 exd4 7. cxd4 d5 8.
exd5 Nxd5 9. Re1+ Be6 10. Bg5 Qd6 11. Nbd2 O-O 12. Ne4 Qb4 13. Bxc6 bxc6 14.
Qc1 Rae8 15. Bd2 Qb6 16. Nc5 Bf5 17. Ne5 Re7 18. Qc4 Qxb2 19. Bg5 Nb6 20. Qb3
Qxb3 21. Bxe7 Qd5 22. Bxf8 Bxf8 23. Na6 Bd6 24. Nb8 c5 25. Nbc6 cxd4 26. Rad1
d3 27. g4 Be4 28. Kf1 Bg2+ 29. Kg1 Bh1 30. f3 Bxf3 31. Rxd3 Qc5+ 32. Ree3 Qc1+
0-1